| 000 | 01735nam0a2200373 4500 | ||
|---|---|---|---|
| 001 | RU\NLR\BIBL_A\012448948 | ||
| 005 | 20230829170413.0 | ||
| 010 |
_a978-5-09-078838-0 _9500 |
||
| 021 |
_aRU _bКН-П-22-035329 _9КН-П-22-3029 |
||
| 021 |
_aRU _bКН-П-20-061877 _9КН-П-20-4644 |
||
| 035 | _a(NLR Aleph) 012448948 | ||
| 035 | _a(RuMoRGB)010448007 | ||
| 090 |
_a11965352 _c11965352 |
||
| 100 | _a20210209d2021 d y0rusy50 ca | ||
| 101 | 0 | _arus | |
| 102 | _aRU | ||
| 105 | _a |||j|||000zy | ||
| 181 | 0 |
_ai _baxxe |
|
| 182 | 0 | _an | |
| 200 | 1 |
_aОбществознание _e6 класс _eучебник _e[соответствует ФГОС основного общего образования] _fК.В. Сорвин, Н.В. Ростовцева, О.Д. Фёдоров |
|
| 203 |
_aТекст _bвизуальный _cнепосредственный |
||
| 205 | _a2-е изд., перераб. | ||
| 210 |
_aМосква _cПросвещение _d2021 [т.е. 2020] |
||
| 215 |
_a192 с. _cцв. ил. _d21 |
||
| 300 | _aКн. фактически изд. в 2020 г. | ||
| 606 | 1 |
_aОбществоведение _jУчебники для средней школы _2nlr_sh1 _2nlr_sh2 _3RU\NLR\AUTH\66791493 |
|
| 686 | 1 | _aС.я72 | |
| 700 | 1 |
_aСорвин _bК. В. _f1964- _gКирилл Валентинович _3RU\NLR\AUTH\778040 |
|
| 701 | 1 |
_aРостовцева _bН. В. _gНаталья Владимировна |
|
| 701 | 1 |
_aФедоров _bО. Д. _cд-р пед. наук, канд. ист. наук _f1988- _gОлег Дмитриевич _3RU\NLR\AUTH\770188643 |
|
| 942 | _cBOOK | ||
| 980 | _aNB | ||